[Event "Rhein Main op-B 25th"]
[Site "Bad Homburg"]
[Date "2023.06.09"]
[Round "4"]
[White "Lee, Kwan Ho Matthew"]
[Black "Busic, Nedjeljko"]
[Result "1-0"]
[WhiteElo "1597"]
[BlackElo "1837"]
[PlyCount "89"]
[EventDate "2023.06.07"]
[EventType "swiss"]
[EventRounds "7"]
[EventCountry "GER"]
[SourceTitle "CBM 215 Extra"]
[Source "ChessBase"]
[SourceDate "2023.09.30"]
[SourceVersion "1"]
[SourceVersionDate "2023.09.30"]
[SourceQuality "1"]

1. d4 Nf6 2. Nf3 g6 3. g3 d6 4. Bg2 Bg7 5. c4 c5 6. d5 Na6 7. Nc3 Bf5 8. Nh4 Bd7 9. 0-0 Nc7 10. e4 b5 11. e5 Ng8 12. exd6 exd6 13. Re1+ Kf8 14. Ne4 Be5 15. Nf3 Bg4 16. h3 Bxf3 17. Qxf3 bxc4 18. Nxc5 Kg7 19. h4 h5 20. Rxe5 dxe5 21. Qc3 Qe7 22. Qxc4 Re8 23. Ne4 Qd7 24. Be3 Nxd5 25. Bc5 Nb6 26. Qb3 f5 27. Rd1 Qa4 28. Ng5 Qxb3 29. axb3 Nf6 30. Ra1 e4 31. Rxa7+ Nbd7 32. Bd4 Kf8 33. Bxf6 Nxf6 34. Rf7+ Kg8 35. Rxf6 Rh6 36. Bf1 Re7 37. Bc4+ Kg7 38. Ra6 Rh8 39. Ne6+ Kh7 40. Nf4 Rd8 41. Nxg6 Rd1+ 42. Kg2 Rg7 43. Nf4 Rd2 44. Nd5 f4 45. Nf6+ 1-0

[Event "Altenkirchen Seniors op 18th"]
[Site "Altenkirchen"]
[Date "2021.07.07"]
[Round "6"]
[White "Busic, Nedjeljko"]
[Black "Loibl, Johann"]
[Result "0-1"]
[WhiteElo "1901"]
[BlackElo "1667"]
[PlyCount "44"]
[EventDate "2021.07.02"]
[EventType "swiss"]
[EventRounds "9"]
[EventCountry "GER"]
[SourceTitle "CBM 203 Extra"]
[Source "ChessBase"]
[SourceDate "2021.09.30"]
[SourceVersion "1"]
[SourceVersionDate "2021.09.30"]
[SourceQuality "1"]

1. e4 e5 2. Nf3 Nc6 3. d4 exd4 4. Nxd4 Bc5 5. Be3 Qf6 6. c3 Nge7 7. Be2 d5 8. 0-0 dxe4 9. Nb5 Bd6 10. N1a3 0-0 11. Nc4 Rd8 12. Qc2 Bf5 13. Rad1 Qg6 14. b4 Bh3 15. Bf3 f5 16. Ncxd6 cxd6 17. Bxe4 fxe4 18. f3 Bf5 19. f4 a6 20. Nc7 Rac8 21. Nd5 Nxd5 22. Rxd5 Nxb4 0-1

[Event "Altenkirchen Seniors op 18th"]
[Site "Altenkirchen"]
[Date "2021.07.04"]
[Round "3"]
[White "Mueller, Erich2222"]
[Black "Busic, Nedjeljko"]
[Result "1/2-1/2"]
[WhiteElo "2161"]
[BlackElo "1901"]
[PlyCount "83"]
[EventDate "2021.07.02"]
[EventType "swiss"]
[EventRounds "9"]
[EventCountry "GER"]
[SourceTitle "CBM 203 Extra"]
[Source "ChessBase"]
[SourceDate "2021.09.30"]
[SourceVersion "1"]
[SourceVersionDate "2021.09.30"]
[SourceQuality "1"]

1. f4 Nc6 2. Nf3 d6 3. e4 e5 4. d4 exd4 5. Bb5 Bd7 6. 0-0 Qf6 7. Re1 0-0-0 8. Bxc6 Bxc6 9. Nxd4 Ne7 10. Nc3 h6 11. Nxc6 Nxc6 12. Be3 Be7 13. a4 g5 14. Nd5 Qe6 15. b4 gxf4 16. Nxe7+ Qxe7 17. Bxf4 h5 18. Qd2 f6 19. b5 Ne5 20. a5 Rdg8 21. Kh1 Qe6 22. a6 b6 23. Bxe5 fxe5 24. Rf1 Rf8 25. Qe2 h4 26. Ra3 Rf4 27. Raf3 Rhf8 28. Rxf4 exf4 29. Qd3 Qe5 30. c4 Kd8 31. h3 Ke7 32. Qe2 Qg5 33. Rf3 Rf6 34. Rd3 Rf7 35. Rd5 Qg3 36. Rf5 Rf6 37. Kg1 Ke6 38. Rxf6+ Kxf6 39. Qb2+ Ke6 40. Qh8 Qe1+ 41. Kh2 Qg3+ 42. Kg1 1/2-1/2

[Event "Altenkirchen Seniors op 18th"]
[Site "Altenkirchen"]
[Date "2021.07.02"]
[Round "1"]
[White "Krueger, Antje Christine"]
[Black "Busic, Nedjeljko"]
[Result "0-1"]
[WhiteElo "1536"]
[BlackElo "1901"]
[PlyCount "115"]
[EventDate "2021.07.02"]
[EventType "swiss"]
[EventRounds "9"]
[EventCountry "GER"]
[SourceTitle "CBM 203 Extra"]
[Source "ChessBase"]
[SourceDate "2021.09.30"]
[SourceVersion "1"]
[SourceVersionDate "2021.09.30"]
[SourceQuality "1"]

1. e4 e5 2. Nf3 Nc6 3. d4 exd4 4. Nxd4 Qf6 5. Nxc6 dxc6 6. Nc3 Bc5 7. Be3 Bxe3 8. fxe3 Qh6 9. Qf3 Nf6 10. Bc4 0-0 11. Qf4 Qg6 12. g3 b5 13. Bd3 Ne8 14. e5 Qh5 15. Be2 Qf5 16. Bd3 Qe6 17. Qe4 f5 18. exf6 Nxf6 19. Qxe6+ Bxe6 20. 0-0 Rab8 21. a3 Ng4 22. Rxf8+ Rxf8 23. e4 Ne5 24. Kg2 a6 25. Rf1 Rxf1 26. Bxf1 Kf7 27. Bd3 Ke7 28. Ne2 g6 29. Nf4 Bf7 30. h3 Kd6 31. Kf2 h5 32. Ke3 g5 33. Ne2 c5 34. Nc3 c6 35. Be2 h4 36. g4 Bc4 37. b3 Be6 38. Bf1 a5 39. Be2 Ng6 40. Bf1 Ke5 41. Bg2 Nf4 42. Bf1 c4 43. b4 axb4 44. axb4 Bd7 45. Na2 Ne6 46. Nc1 c5 47. c3 cxb4 48. cxb4 Nd4 49. Na2 Bc6 50. Nc3 Nc2+ 51. Kd2 Nxb4 52. Bg2 Na6 53. Ke3 b4 54. Nd5 Bxd5 55. exd5 b3 56. Kd2 b2 57. Kc2 c3 58. d6 0-1

[Event "Rhein Main op-B 22nd"]
[Site "Bad Homburg"]
[Date "2019.06.22"]
[Round "6"]
[White "Busic, Nedjeljko"]
[Black "Goodwin, David"]
[Result "1-0"]
[WhiteElo "1970"]
[BlackElo "1546"]
[PlyCount "75"]
[EventDate "2019.06.19"]
[EventType "swiss"]
[EventRounds "7"]
[EventCountry "GER"]
[SourceTitle "EXT 2020"]
[Source "ChessBase"]
[SourceDate "2019.10.17"]
[SourceVersion "1"]
[SourceVersionDate "2019.10.17"]
[SourceQuality "1"]

1. e4 g6 2. Nf3 Bg7 3. d4 d6 4. Nc3 a6 5. a4 Nd7 6. Bc4 e6 7. 0-0 Ne7 8. Bg5 h6 9. Be3 b6 10. Qe2 Bb7 11. Rad1 d5 12. exd5 exd5 13. Bd3 Nf6 14. Ne5 Ne4 15. Nxe4 dxe4 16. Bc4 Nd5 17. Qg4 Qe7 18. Qxe4 Rd8 19. Qf3 0-0 20. Qg3 Nxe3 21. fxe3 Bd5 22. Bxa6 Bf6 23. Bd3 Bh4 24. Qg4 h5 25. Qe2 c5 26. c3 Bf6 27. e4 Bb3 28. Nc6 Qd6 29. Bb5 Bxd1 30. Rxd1 cxd4 31. e5 Qc5 32. cxd4 Rxd4 33. Rxd4 Re8 34. b4 Bxe5 35. bxc5 Bxd4+ 36. Nxd4 Rxe2 37. Nxe2 bxc5 38. a5 1-0

[Event "GER-chA Seniors 28th"]
[Site "Niederhausen"]
[Date "2016.08.13"]
[Round "1"]
[White "Szenetra, Werner"]
[Black "Busic, Nedjeljko"]
[Result "1-0"]
[WhiteElo "2192"]
[BlackElo "1997"]
[PlyCount "76"]
[EventDate "2016.08.13"]
[EventType "swiss"]
[EventRounds "9"]
[EventCountry "GER"]
[SourceTitle "EXT 2019"]
[Source "ChessBase"]
[SourceDate "2018.10.10"]
[SourceVersion "1"]
[SourceVersionDate "2018.10.10"]
[SourceQuality "1"]

1. Nf3 d5 2. g3 c5 3. Bg2 Nc6 4. d3 Nf6 5. Nbd2 e5 6. e4 d4 7. Nc4 Qc7 8. a4 Be6 9. b3 Bxc4 10. bxc4 b6 11. 0-0 h6 12. Nh4 g5 13. Nf5 Ne7 14. a5 Nxf5 15. axb6 Qxb6 16. exf5 Rb8 17. Bd2 Bd6 18. Ba5 Qb2 19. Bc6+ Kf8 20. Qd2 Kg7 21. Bb5 Rxb5 22. cxb5 Qxb5 23. Qe2 Qd7 24. g4 Nd5 25. Bd2 f6 26. Qe4 Ne7 27. Rfb1 Rb8 28. Rxb8 Bxb8 29. Ra6 Nd5 30. Ra5 Qc6 31. c4 dxc3 32. Bxc3 a6 33. Bd2 Bc7 34. Qa4 Qb7 35. Qd7+ Kf8 36. Rxc5 Qb1+ 37. Rc1 Qxd3 38. Rxc7 Qb1+ 1-0

[Event "Hessen-ch Seniors op 12th"]
[Site "Bad Sooden-Allendorf"]
[Date "2016.05.08"]
[Round "8"]
[White "Voeller, Lothar"]
[Black "Busic, Nedjeljko"]
[Result "0-1"]
[WhiteElo "1758"]
[BlackElo "1989"]
[PlyCount "98"]
[EventDate "2016.04.30"]
[EventType "swiss"]
[EventRounds "9"]
[EventCountry "GER"]
[SourceTitle "EXT 2019"]
[Source "ChessBase"]
[SourceDate "2018.10.10"]
[SourceVersion "1"]
[SourceVersionDate "2018.10.10"]
[SourceQuality "1"]

1. c4 Nf6 2. Nc3 g6 3. g3 Bg7 4. Bg2 c6 5. e3 d6 6. Nge2 0-0 7. 0-0 a5 8. d4 Na6 9. Bd2 e5 10. d5 Bd7 11. h3 c5 12. a3 Nh5 13. g4 Nf6 14. Ng3 Nc7 15. Nce4 Nxe4 16. Nxe4 f5 17. Nxd6 fxg4 18. Nxb7 Qh4 19. hxg4 Bxg4 20. f3 Bh3 21. Bxh3 Qxh3 22. Qe2 Rf5 23. e4 Rh5 24. Qg2 Qc8 25. Nxa5 Qf8 26. Nc6 Bh6 27. Bxh6 Qxh6 28. Ne7+ Kh8 29. f4 exf4 30. Qf3 Qg5+ 31. Kf2 Qxe7 32. Rh1 Rxh1 33. Rxh1 Qe5 34. Qc3 Qxc3 35. bxc3 Rxa3 36. Rc1 Kg7 37. e5 g5 38. Kf3 Kg6 39. Ke4 Ra2 40. Rb1 Re2+ 41. Kf3 Rxe5 42. Rb7 Re3+ 43. Kf2 Ne8 44. Rb8 Nf6 45. Rb6 Rxc3 46. d6 Rxc4 47. d7 Rd4 48. Rc6 Rxd7 49. Ke2 Rd5 0-1

[Event "Hessen-ch Seniors op 12th"]
[Site "Bad Sooden-Allendorf"]
[Date "2016.05.06"]
[Round "7"]
[White "Van Dongen, Rob"]
[Black "Busic, Nedjeljko"]
[Result "1-0"]
[WhiteElo "1884"]
[BlackElo "1989"]
[PlyCount "109"]
[EventDate "2016.04.30"]
[EventType "swiss"]
[EventRounds "9"]
[EventCountry "GER"]
[SourceTitle "EXT 2019"]
[Source "ChessBase"]
[SourceDate "2018.10.10"]
[SourceVersion "1"]
[SourceVersionDate "2018.10.10"]
[SourceQuality "1"]

1. d4 Nf6 2. c4 g6 3. Nc3 Bg7 4. e4 d6 5. Nf3 0-0 6. Be2 e5 7. dxe5 dxe5 8. Qxd8 Rxd8 9. Bg5 Na6 10. Nd5 Rd6 11. Bxf6 Bxf6 12. Nxf6+ Rxf6 13. Rd1 Bg4 14. h3 Bxf3 15. Bxf3 Nb4 16. Rd2 Rd6 17. Rxd6 cxd6 18. a3 Nc2+ 19. Kd2 Nd4 20. Bd1 Rc8 21. Kd3 Rc7 22. g3 Kg7 23. Rf1 f6 24. f4 b5 25. cxb5 Nxb5 26. Bb3 Nd4 27. Bc4 a5 28. b3 h5 29. g4 hxg4 30. hxg4 Rc8 31. Rh1 Rb8 32. Kc3 Rc8 33. Kd3 Rc7 34. f5 g5 35. Rb1 Rc8 36. Rh1 Nf3 37. Kc3 Nd4 38. Kd3 Rb8 39. Kc3 Rb7 40. b4 axb4+ 41. axb4 Ra7 42. b5 Ra3+ 43. Kb2 Rg3 44. b6 Rxg4 45. Bd5 Rg2+ 46. Kb1 Nb5 47. b7 Na3+ 48. Ka1 Nc2+ 49. Kb2 Nb4+ 50. Kb3 Na6 51. Rc1 Rg3+ 52. Ka4 Rg2 53. Rc6 Nb8 54. Rc8 Na6 55. Ka5 1-0

[Event "Hessen-ch Seniors op 12th"]
[Site "Bad Sooden-Allendorf"]
[Date "2016.05.05"]
[Round "6"]
[White "Busic, Nedjeljko"]
[Black "Schumacher, Gottfried"]
[Result "0-1"]
[WhiteElo "1989"]
[BlackElo "2260"]
[PlyCount "58"]
[EventDate "2016.04.30"]
[EventType "swiss"]
[EventRounds "9"]
[EventCountry "GER"]
[SourceTitle "EXT 2019"]
[Source "ChessBase"]
[SourceDate "2018.10.10"]
[SourceVersion "1"]
[SourceVersionDate "2018.10.10"]
[SourceQuality "1"]

1. e4 e6 2. d4 c5 3. Nf3 cxd4 4. Nxd4 Nf6 5. Nc3 Nc6 6. Nxc6 bxc6 7. e5 Nd5 8. Ne4 Rb8 9. c3 Qc7 10. f4 Qb6 11. Qd3 f5 12. Nd6+ Bxd6 13. exd6 0-0 14. b3 a5 15. Bd2 a4 16. b4 a3 17. Rb1 c5 18. Rb3 Bb7 19. b5 e5 20. fxe5 Rbe8 21. c4 Rxe5+ 22. Kd1 Nf6 23. Bc3 Re6 24. Kc1 Ne4 25. Rg1 Rfe8 26. Rxa3 Nxc3 27. Qxc3 Re1+ 28. Kc2 Qxd6 29. Qg3 Qd1+ 0-1

[Event "Hessen-ch Seniors op 12th"]
[Site "Bad Sooden-Allendorf"]
[Date "2016.05.01"]
[Round "2"]
[White "Busic, Nedjeljko"]
[Black "Paus, Franz"]
[Result "1/2-1/2"]
[WhiteElo "1989"]
[BlackElo "2139"]
[PlyCount "120"]
[EventDate "2016.04.30"]
[EventType "swiss"]
[EventRounds "9"]
[EventCountry "GER"]
[SourceTitle "EXT 2019"]
[Source "ChessBase"]
[SourceDate "2018.10.10"]
[SourceVersion "1"]
[SourceVersionDate "2018.10.10"]
[SourceQuality "1"]

1. e4 Nf6 2. Nc3 d6 3. d4 c6 4. Bd3 e5 5. dxe5 dxe5 6. Bg5 Be7 7. Nf3 h6 8. Bh4 Bg4 9. h3 Bxf3 10. Qxf3 Qb6 11. Nd1 Nbd7 12. 0-0 0-0-0 13. Bg3 g6 14. a3 Nh5 15. Bh2 f6 16. b4 Ng7 17. c3 Nf8 18. Nb2 Qc7 19. a4 h5 20. Qe3 Kb8 21. Nc4 g5 22. Be2 Nfe6 23. Rfd1 Ka8 24. a5 Rxd1+ 25. Rxd1 Rd8 26. Rxd8+ Bxd8 27. g3 Be7 28. Kg2 Bd8 29. f3 Qd7 30. Bg1 c5 31. bxc5 Be7 32. Nd6 a6 33. Bc4 Qc7 34. Bd5 Nd8 35. Nc4 Nge6 36. Nd6 Ng7 37. Bf2 Nc6 38. Be1 Qxa5 39. Nc8 Qc7 40. Nb6+ Kb8 41. Qd3 Nd8 42. Qc4 Ne8 43. Qa4 Nc6 44. Bc4 Ka7 45. Bf7 Ng7 46. Qb3 Kb8 47. Qd5 Qd8 48. Bf2 Kc7 49. Qb3 Kb8 50. Nd5 Bf8 51. Be3 Be7 52. Nb4 Nxb4 53. cxb4 Qd7 54. Bd5 Ne8 55. Bf7 h4 56. gxh4 gxh4 57. Qe6 Qxe6 58. Bxe6 Ng7 59. Bf5 b6 60. Bf2 a5 1/2-1/2

[Event "Hessen-ch Seniors op 12th"]
[Site "Bad Sooden-Allendorf"]
[Date "2016.04.30"]
[Round "1"]
[White "Krause, Werner"]
[Black "Busic, Nedjeljko"]
[Result "0-1"]
[WhiteElo "1662"]
[BlackElo "1989"]
[PlyCount "67"]
[EventDate "2016.04.30"]
[EventType "swiss"]
[EventRounds "9"]
[EventCountry "GER"]
[SourceTitle "EXT 2019"]
[Source "ChessBase"]
[SourceDate "2018.10.10"]
[SourceVersion "1"]
[SourceVersionDate "2018.10.10"]
[SourceQuality "1"]

1. e4 d6 2. d4 Nf6 3. Nc3 g6 4. Nf3 Bg7 5. h3 a6 6. Be3 b5 7. b4 Bb7 8. Bd3 Nbd7 9. Qd2 c5 10. a3 c4 11. Be2 Bxe4 12. Bh6 Bxh6 13. Qxh6 Bxf3 14. Bxf3 Rb8 15. Nd5 Nxd5 16. Bxd5 e6 17. Bf3 Qf6 18. Qe3 Kf8 19. 0-0 Kg7 20. Rfe1 Nb6 21. c3 h6 22. Qd2 d5 23. Re3 h5 24. Bd1 Ra8 25. Rf3 Qe7 26. a4 a5 27. axb5 axb4 28. Ra6 Rxa6 29. bxa6 b3 30. Bxb3 cxb3 31. Qb2 Ra8 32. Qxb3 Rxa6 33. Qc2 Ra1+ 34. Kh2 0-1

[Event "GER-chA Seniors 27th"]
[Site "Magdeburg"]
[Date "2015.08.21"]
[Round "7"]
[White "Busic, Nedjeljko"]
[Black "Mann, Klaus Dieter"]
[Result "1-0"]
[WhiteElo "1982"]
[BlackElo "2102"]
[PlyCount "75"]
[EventDate "2015.08.15"]
[EventType "swiss"]
[EventRounds "9"]
[EventCountry "GER"]
[SourceTitle "EXT 2018"]
[Source "ChessBase"]
[SourceDate "2017.10.13"]
[SourceVersion "1"]
[SourceVersionDate "2017.10.13"]
[SourceQuality "1"]

1. e4 c5 2. Nf3 g6 3. d4 cxd4 4. Qxd4 Nf6 5. e5 Nc6 6. Qa4 Nd5 7. c4 Nb6 8. Qd1 e6 9. Nc3 d5 10. Bg5 Be7 11. Bxe7 Nxe7 12. c5 Nd7 13. b4 0-0 14. Bb5 Qc7 15. Bxd7 Bxd7 16. 0-0 b6 17. Qd4 bxc5 18. bxc5 Nf5 19. Qf4 h5 20. Rfc1 Bc6 21. h3 Kg7 22. g4 hxg4 23. hxg4 Nh6 24. Qf6+ Kg8 25. Qh4 Kg7 26. Nd4 Rh8 27. Qf6+ Kg8 28. f3 Be8 29. c6 Qb6 30. Nce2 Kh7 31. Kg2 Qd8 32. Qf4 g5 33. Qe3 Rc8 34. Rab1 Qe7 35. a4 Rc7 36. a5 Qf8 37. a6 Ng8 38. Rb8 1-0

[Event "GER-chA Seniors 27th"]
[Site "Magdeburg"]
[Date "2015.08.15"]
[Round "1"]
[White "Busic, Nedjeljko"]
[Black "Partenheimer, Axel"]
[Result "0-1"]
[WhiteElo "1982"]
[BlackElo "2176"]
[PlyCount "78"]
[EventDate "2015.08.15"]
[EventType "swiss"]
[EventRounds "9"]
[EventCountry "GER"]
[SourceTitle "EXT 2018"]
[Source "ChessBase"]
[SourceDate "2017.10.13"]
[SourceVersion "1"]
[SourceVersionDate "2017.10.13"]
[SourceQuality "1"]

1. e4 c5 2. Nf3 e6 3. d4 cxd4 4. Nxd4 Nc6 5. Nc3 Qc7 6. Be3 a6 7. Bd3 Nf6 8. 0-0 Ne5 9. Bf4 d6 10. Bxe5 dxe5 11. Nf3 Be7 12. h3 0-0 13. Qe2 Bd7 14. a4 Rac8 15. Nh2 Bc6 16. g4 Nd7 17. Kh1 Bg5 18. b3 Rfd8 19. Nf3 Bf4 20. Rad1 Nf8 21. Bc4 Qe7 22. Rxd8 Rxd8 23. g5 Bxg5 24. Nxe5 Be8 25. Nd3 Qf6 26. e5 Bc6+ 27. f3 Qf5 28. Qg2 Rd4 29. Kh2 Bf4+ 30. Kh1 Bxe5 31. Ne4 Bc7 32. Ndf2 Qf4 33. Bd3 Nd7 34. Rg1 g6 35. Ng5 Ne5 36. Be4 Bxe4 37. Nfxe4 h6 38. Qf2 Rd7 39. Nxe6 fxe6 0-1

[Event "Hessen-ch Seniors op 11th"]
[Site "Bad Sooden-Allendorf"]
[Date "2015.05.10"]
[Round "2"]
[White "Busic, Nedjeljko"]
[Black "Bill, Eugen"]
[Result "1-0"]
[WhiteElo "1986"]
[BlackElo "1851"]
[PlyCount "67"]
[EventDate "2015.05.09"]
[EventType "swiss"]
[EventRounds "9"]
[EventCountry "GER"]
[SourceTitle "EXT 2018"]
[Source "ChessBase"]
[SourceDate "2017.10.13"]
[SourceVersion "1"]
[SourceVersionDate "2017.10.13"]
[SourceQuality "1"]

1. e4 e5 2. Nf3 Nc6 3. d4 exd4 4. c3 dxc3 5. Nxc3 Bb4 6. Bc4 d5 7. Bxd5 Nge7 8. 0-0 0-0 9. Bg5 Bxc3 10. bxc3 Bg4 11. Qd3 Bxf3 12. Qxf3 Kh8 13. Rad1 Qe8 14. Bf4 Nxd5 15. exd5 Ne5 16. Qg3 f6 17. Rfe1 Qa4 18. Bxe5 fxe5 19. Qxe5 Rae8 20. Qxc7 Rxe1+ 21. Rxe1 Qxa2 22. Qc5 Kg8 23. c4 b6 24. Qd4 Rc8 25. Rc1 b5 26. c5 Qa3 27. Qe3 Qxe3 28. fxe3 Kf7 29. c6 Ke7 30. Ra1 Rc7 31. Kf2 Kd6 32. e4 Ke5 33. Ke3 g5 34. Ra5 1-0

[Event "Rhein Main op-A 17th"]
[Site "Bad Homburg"]
[Date "2014.06.18"]
[Round "1"]
[White "Krischak, Werner"]
[Black "Busic, Nedjeljko"]
[Result "1-0"]
[WhiteElo "1754"]
[BlackElo "2028"]
[PlyCount "59"]
[EventDate "2014.06.18"]
[EventType "swiss"]
[EventRounds "7"]
[EventCountry "GER"]
[SourceTitle "CBM 161 Extra"]
[Source "ChessBase"]
[SourceDate "2014.08.29"]
[SourceVersion "1"]
[SourceVersionDate "2014.08.29"]
[SourceQuality "1"]

1. d4 g6 2. Nf3 Bg7 3. Bf4 d6 4. e3 Nf6 5. h3 Nh5 6. Bh2 c5 7. Be2 Qb6 8. Nbd2 0-0 9. Nc4 Qc7 10. c3 b5 11. Ncd2 c4 12. a4 Bd7 13. axb5 Bxb5 14. b3 cxb3 15. Bxb5 b2 16. Ra3 a6 17. 0-0 axb5 18. Rxa8 Qxc3 19. Nb1 Qc4 20. Qd2 Qc6 21. Ra2 Nd7 22. Qxb2 Nhf6 23. Nbd2 Nd5 24. Rc1 Qb6 25. e4 Nc7 26. Qc2 Ne6 27. Qc6 Qxc6 28. Rxc6 Nxd4 29. Nxd4 Bxd4 30. Bxd6 1-0

[Event "Hessen-ch Seniors op 10th"]
[Site "Bad Sooden-Allendorf"]
[Date "2014.05.04"]
[Round "9"]
[White "Lutz, Albert"]
[Black "Busic, Nedjeljko"]
[Result "1-0"]
[WhiteElo "2174"]
[BlackElo "1984"]
[PlyCount "41"]
[EventDate "2014.04.26"]
[EventType "swiss"]
[EventRounds "9"]
[EventCountry "GER"]
[SourceTitle "EXT 2018"]
[Source "ChessBase"]
[SourceDate "2017.10.13"]
[SourceVersion "1"]
[SourceVersionDate "2017.10.13"]
[SourceQuality "1"]

1. Nf3 Nf6 2. g3 g6 3. Bg2 Bg7 4. d4 d6 5. 0-0 0-0 6. c4 c6 7. Nc3 Nbd7 8. e4 e5 9. h3 Nh5 10. Be3 h6 11. Qd2 Kh7 12. Nh4 Nb6 13. b3 Nf4 14. dxe5 Nxh3+ 15. Kh2 Ng5 16. exd6 Bxc3 17. Qxc3 Qxd6 18. c5 Qe6 19. cxb6 Nxe4 20. Qb4 Nxf2 21. Bxf2 1-0

[Event "Hessen-ch Seniors op 10th"]
[Site "Bad Sooden-Allendorf"]
[Date "2014.05.02"]
[Round "7"]
[White "Lenk, Wolfgang"]
[Black "Busic, Nedjeljko"]
[Result "1/2-1/2"]
[WhiteElo "2185"]
[BlackElo "1984"]
[PlyCount "43"]
[EventDate "2014.04.26"]
[EventType "swiss"]
[EventRounds "9"]
[EventCountry "GER"]
[SourceTitle "EXT 2018"]
[Source "ChessBase"]
[SourceDate "2017.10.13"]
[SourceVersion "1"]
[SourceVersionDate "2017.10.13"]
[SourceQuality "1"]

1. e4 e5 2. Nf3 Nc6 3. Bb5 Bc5 4. c3 Nf6 5. Qe2 0-0 6. 0-0 d6 7. d3 Bg4 8. h3 Bh5 9. Be3 Bb6 10. Nbd2 Ne7 11. Bg5 h6 12. Bxf6 gxf6 13. g4 Ng6 14. Ne1 Nf4 15. Qf3 Bg6 16. Ng2 Ne6 17. Nc4 Ng5 18. Qg3 c6 19. Ba4 Bc7 20. Nce3 d5 21. h4 Ne6 22. Nf5 1/2-1/2

[Event "Rhein Main op-A 16th"]
[Site "Bad Homburg"]
[Date "2013.06.02"]
[Round "7"]
[White "Busic, Nedjeljko"]
[Black "Storch, Dominik"]
[Result "1-0"]
[WhiteElo "2029"]
[BlackElo "1899"]
[PlyCount "105"]
[EventDate "2013.05.29"]
[EventType "swiss"]
[EventRounds "7"]
[EventCountry "GER"]
[SourceTitle "EXT 2014"]
[Source "ChessBase"]
[SourceDate "2013.11.20"]
[SourceVersion "1"]
[SourceVersionDate "2013.11.20"]
[SourceQuality "1"]

1. e4 d5 2. exd5 Nf6 3. Bb5+ Bd7 4. Bc4 Bg4 5. f3 Bf5 6. Nc3 c6 7. dxc6 Nxc6 8. d3 e5 9. Bg5 h6 10. Bh4 g5 11. Bg3 Bc5 12. Qe2 0-0 13. 0-0-0 Re8 14. Bf2 Nd4 15. Qd2 Rb8 16. h4 Nh7 17. hxg5 hxg5 18. g4 Bg6 19. Kb1 b5 20. Bb3 a5 21. Ne4 Bb4 22. c3 Nxb3 23. axb3 Bf8 24. Be3 a4 25. b4 f6 26. Ne2 Re6 27. Nc1 Ra8 28. Bc5 Bxe4 29. dxe4 Qxd2 30. Rxd2 Bxc5 31. bxc5 Nf8 32. Rhd1 Rc8 33. Rd5 Rec6 34. Rd6 Kf7 35. Rxc6 Rxc6 36. Rd5 Ke7 37. Nd3 Ne6 38. Ka2 Rc8 39. Ka3 Nc7 40. Rd6 Ne6 41. Rb6 Nxc5 42. Nb4 Rh8 43. Rxb5 Nb3 44. Kxa4 Nd2 45. Nd5+ Kd6 46. Kb4 Nxf3 47. Rb6+ Kd7 48. Nxf6+ Kc7 49. Kc5 Rh2 50. Nd5+ Kd7 51. Rb7+ Ke8 52. Nf6+ Kf8 53. Kd6 1-0

[Event "Rhein Main op-A 16th"]
[Site "Bad Homburg"]
[Date "2013.06.01"]
[Round "5"]
[White "Busic, Nedjeljko"]
[Black "Froehlich Dill, Astrid"]
[Result "1-0"]
[WhiteElo "2029"]
[BlackElo "1916"]
[PlyCount "125"]
[EventDate "2013.05.29"]
[EventType "swiss"]
[EventRounds "7"]
[EventCountry "GER"]
[SourceTitle "EXT 2014"]
[Source "ChessBase"]
[SourceDate "2013.11.20"]
[SourceVersion "1"]
[SourceVersionDate "2013.11.20"]
[SourceQuality "1"]

1. e4 c5 2. Nf3 Nc6 3. Nc3 e6 4. Bb5 Nd4 5. 0-0 Nxb5 6. Nxb5 a6 7. Nc3 b5 8. Re1 Bb7 9. d3 Qc7 10. Qe2 Be7 11. e5 d5 12. exd6 Bxd6 13. Ne4 Be7 14. Bg5 h6 15. Bd2 Nf6 16. Bc3 Bxe4 17. dxe4 0-0 18. Be5 Qc6 19. h3 Rad8 20. Bxf6 Bxf6 21. e5 Be7 22. c4 Rd7 23. Rad1 Rfd8 24. Rxd7 Qxd7 25. b3 Qd3 26. Kf1 bxc4 27. bxc4 Qc3 28. Kg1 Rd3 29. Rd1 Rxd1+ 30. Qxd1 Qxc4 31. Qb3 Qc1+ 32. Kh2 a5 33. g3 Bf8 34. Qa4 Qc3 35. Kg2 c4 36. Qe8 Qd3 37. Qb5 Qc3 38. a4 g6 39. Qd7 Qb4 40. Nd4 c3 41. Kf3 Qc4 42. Nc2 Qb3 43. Ne3 Kg7 44. Qc6 Bb4 45. Kg2 Ba3 46. Qb5 Qb2 47. Qd3 Qb7+ 48. Kf1 Bb4 49. Ke2 Qc6 50. h4 Qxa4 51. h5 Qc6 52. hxg6 fxg6 53. Qd8 c2 54. Qf6+ Kg8 55. Qxg6+ Kf8 56. Qxh6+ Ke7 57. Qf6+ Ke8 58. Qg6+ Ke7 59. Qxc2 Qb5+ 60. Qc4 Qb7 61. Qh4+ Kf8 62. Qh8+ Kf7 63. Qh7+ 1-0

[Event "Rhein Main op-A 16th"]
[Site "Bad Homburg"]
[Date "2013.05.31"]
[Round "4"]
[White "Zimpfer, Andreas"]
[Black "Busic, Nedjeljko"]
[Result "1-0"]
[WhiteElo "1802"]
[BlackElo "2029"]
[PlyCount "103"]
[EventDate "2013.05.29"]
[EventType "swiss"]
[EventRounds "7"]
[EventCountry "GER"]
[SourceTitle "EXT 2014"]
[Source "ChessBase"]
[SourceDate "2013.11.20"]
[SourceVersion "1"]
[SourceVersionDate "2013.11.20"]
[SourceQuality "1"]

1. d4 Nf6 2. c4 g6 3. g3 Bg7 4. Bg2 0-0 5. Nc3 d6 6. Nf3 Nc6 7. 0-0 Bf5 8. Nh4 Bd7 9. e4 e5 10. d5 Ne7 11. f4 exf4 12. Bxf4 Nh5 13. Be3 Be5 14. Nf3 Bg7 15. Qd2 Kh8 16. Ng5 f5 17. g4 fxg4 18. Nf7+ Rxf7 19. Rxf7 Be8 20. Rf2 Ng8 21. Ne2 Be5 22. Bd4 Kg7 23. Raf1 Qe7 24. b4 Nh6 25. Nf4 Nxf4 26. Rxf4 Bd7 27. Qc3 b6 28. Bxe5+ dxe5 29. R4f2 Re8 30. c5 Bb5 31. Rc1 Qg5 32. Bf1 Bxf1 33. Rcxf1 Re7 34. Qg3 Qh5 35. Kg2 Nf7 36. h4 g5 37. Rh1 Qg6 38. Qxg4 h5 39. Qf5 gxh4+ 40. Qxg6+ Kxg6 41. Rxh4 Kg5 42. Kg3 Kg6 43. Rfh2 Ng5 44. Rf2 Nf7 45. Rf5 Ng5 46. Rf8 a6 47. Rb8 bxc5 48. bxc5 Rf7 49. Rb7 Nf3 50. d6 Nxh4 51. dxc7 Kg5 52. c8Q 1-0

[Event "Hessen-ch Seniors op 09th"]
[Site "Bad Sooden-Allendorf"]
[Date "2013.04.27"]
[Round "8"]
[White "Vladov, Mark"]
[Black "Busic, Nedjeljko"]
[Result "0-1"]
[WhiteElo "1825"]
[BlackElo "2029"]
[PlyCount "64"]
[EventDate "2013.04.20"]
[EventType "swiss"]
[EventRounds "9"]
[EventCountry "GER"]
[SourceTitle "EXT 2019"]
[Source "ChessBase"]
[SourceDate "2018.10.10"]
[SourceVersion "1"]
[SourceVersionDate "2018.10.10"]
[SourceQuality "1"]

1. e4 d6 2. d4 g6 3. g3 Bg7 4. Bg2 Nf6 5. Ne2 0-0 6. 0-0 Bg4 7. Nbc3 Nc6 8. h3 Bd7 9. Kh2 e5 10. Be3 h6 11. Qd2 Kh7 12. Rad1 a6 13. d5 Ne7 14. f4 exf4 15. Nxf4 g5 16. Nfe2 Ng6 17. Bd4 Qe7 18. Ng1 Rae8 19. Rf2 Ne5 20. b3 b5 21. Rdf1 b4 22. Nd1 Bb5 23. Re1 a5 24. Ne3 Bd7 25. c4 Ng6 26. Qb2 Ne5 27. Qc2 Nh5 28. Qd1 g4 29. Nf5 Qg5 30. Ne3 Qd8 31. hxg4 Nf6 32. Rf4 h5 0-1